000 00237 a2200109 4500
001 68537
040 _cAnchieta - Itaigara
240 1 0 _aOs invencĂ­veis
_l
245 1 0 _aOs invencĂ­veis
650 4 _aLiteratura infanto-juvenil
942 _cMU
999 _c68537
_d68537